[Event "ACP Golden Classic"]
[Site "Amsterdam NED"]
[Date "2012.07.22"]
[Round "7"]
[White "Jobava, Baadur"]
[Black "Kamsky, Gata"]
[Result "0-1"]
[WhiteElo "2730"]
[BlackElo "2744"]
[PlyCount "116"]
[EventDate "2012.07.14"]

1. e4 e5 2. Nf3 Nc6 3. Bc4 Bc5 4. c3 Nf6 5. d4 exd4 6. e5 d5 7. Be2 Ne4 8. cxd4
Bb6 9. O-O Bg4 10. Be3 f5 11. exf6 Qxf6 12. Nc3 O-O-O 13. Na4 Kb8 14. Nxb6 axb6
15. a4 Bxf3 16. Bxf3 Rhe8 17. b4 Nd6 18. a5 b5 19. Qc1 Nc4 20. Bg5 Qxd4 21.
Bxd8 Rxd8 22. a6 Nxb4 23. axb7 Kxb7 24. Rb1 c5 25. Rd1 Qe5 26. Re1 Qf6 27. Rb3
Kb6 28. Bd1 Rd6 29. Bc2 h6 30. Re8 Re6 31. Rf3 Rxe8 32. Rxf6+ gxf6 33. Bg6 Rd8
34. Qxh6 Ne5 35. Bf5 d4 36. Qxf6+ Nec6 37. h4 c4 38. h5 d3 39. h6 d2 40. Bg4
d1=Q+ 41. Bxd1 Rxd1+ 42. Kh2 Rd7 43. g4 Nd3 44. g5 Nde5 45. Qf4 b4 46. Qe3+ Kb7
47. Qc5 c3 48. f4 Rd2+ 49. Kg3 c2 50. h7 Rd3+ 51. Kg2 Rc3 52. Qb5+ Kc7 53. Qf1
c1=Q 54. Qxc1 Rxc1 55. h8=Q b3 56. Qh7+ Nd7 57. g6 b2 58. g7 Ne7 0-1

[Event "FIDE WGP Jermuk 2012"]
[Site "Jermuk ARM"]
[Date "2012.07.26"]
[Round "9.3"]
[White "Ruan, Lufei"]
[Black "Zhao, Xue"]
[Result "1-0"]
[WhiteElo "2483"]
[BlackElo "2556"]
[PlyCount "97"]
[EventDate "2012.07.16"]

1. e4 e5 2. Nf3 Nc6 3. d4 exd4 4. Nxd4 Nf6 5. Nxc6 bxc6 6. e5 Qe7 7. Qe2 Nd5 8.
c4 Ba6 9. b3 g6 10. g3 Bg7 11. Bb2 O-O 12. Bg2 Rae8 13. O-O Nb6 14. Re1 f6 15.
e6 Qd6 16. Ba3 c5 17. Nc3 Rxe6 18. Ne4 Qe7 19. Qd2 d6 20. Nxc5 dxc5 21. Qa5 f5
22. Bxc5 Rxe1+ 23. Rxe1 Bc3 24. Bxe7 Bxa5 25. b4 Bxb4 26. Bxb4 Rd8 27. c5 Nd5
28. Ba5 Bc4 29. Rd1 Rd7 30. c6 Rd6 31. Bxc7 Rxc6 32. Rc1 Nxc7 33. Bxc6 Bxa2 34.
Ra1 Bc4 35. Rxa7 Ne6 36. Ra4 Bb3 37. Rb4 Ba2 38. Bb5 Bd5 39. Bc4 Bxc4 40. Rxc4
Kg7 41. f4 Kf6 42. Kf2 h6 43. Rc6 Kf7 44. Ke3 h5 45. h4 Nf8 46. Kd4 Nd7 47. Kd5
Nf6+ 48. Rxf6+ Kxf6 49. Kd6 1-0

[Event "40th TCh-GRE 2012"]
[Site "Achaea GRE"]
[Date "2012.07.02"]
[Round "4.8"]
[White "Hammer, J."]
[Black "Erdos, V."]
[Result "1-0"]
[WhiteElo "2630"]
[BlackElo "2624"]
[PlyCount "67"]
[EventDate "2012.06.30"]
[WhiteTeam "OP FLORINA"]
[BlackTeam "Von Heraklion - CONTACT"]

1. d4 Nf6 2. c4 g6 3. f3 d5 4. cxd5 Nxd5 5. e4 Nb6 6. Be3 Bg7 7. Nc3 O-O 8. Qd2
Nc6 9. O-O-O Qd6 10. Nb5 Qd7 11. Bh6 Bxh6 12. Qxh6 a6 13. Nc3 Nxd4 14. f4 c5
15. Nf3 f6 16. h4 Qg4 17. h5 g5 18. fxg5 Nxf3 19. gxf6 Qg5+ 20. Qxg5+ Nxg5 21.
fxe7 Re8 22. Rd6 Nd7 23. Nd5 Nxe4 24. Re6 Ng5 25. Re3 b5 26. h6 Bb7 27. Rh5 Nf7
28. Nc7 c4 29. Be2 Rac8 30. Nxe8 Rxe8 31. Rf5 Nxh6 32. Rf4 Kg7 33. Bh5 Nf6 34.
Rg3+ 1-0

[Event "Turkish Bank Chess League 2012"]
[Site "Konya TUR"]
[Date "2012.07.14"]
[Round "4"]
[White "Nielsen, PH."]
[Black "Savchenko, B."]
[Result "1-0"]
[WhiteElo "2665"]
[BlackElo "2550"]
[PlyCount "113"]
[EventDate "2012.07.11"]

1. d4 e6 2. Nf3 c5 3. c4 cxd4 4. Nxd4 Nf6 5. g3 Bb4+ 6. Nc3 Ne4 7. Qc2 Qa5 8.
Bg2 Nxc3 9. O-O Nxe2+ 10. Qxe2 Nc6 11. Be3 Be7 12. Rfd1 Qe5 13. Qd2 O-O 14. Nb5
a6 15. Nd6 Bxd6 16. Bf4 Bb4 17. Qxb4 Nxb4 18. Bxe5 Nc6 19. Bd6 Re8 20. b4 b5
21. a4 bxc4 22. b5 axb5 23. axb5 Rxa1 24. Rxa1 Nd4 25. b6 c3 26. Ra8 c2 27. Ba3
Rf8 28. b7 c1=R+ 29. Bxc1 Bxb7 30. Rxf8+ Kxf8 31. Ba3+ Ke8 32. Bxb7 Nf5 33. Be4
Nh6 34. Bc1 Ng4 35. Bb2 g6 36. Bg7 Ke7 37. Bf3 Nf6 38. Bxf6+ Kxf6 39. Kf1 Ke5
40. Bd1 g5 41. Ke2 Kd4 42. Ba4 d6 43. Be8 f5 44. Bd7 Ke5 45. Ke3 Kf6 46. Kd4
Ke7 47. Bc8 Kf6 48. Ba6 Ke7 49. Be2 Kf6 50. h3 h6 51. g4 Kg6 52. Bd1 Kf6 53.
Bc2 Kg6 54. gxf5+ exf5 55. Kd5 Kf6 56. Bd1 g4 57. hxg4 1-0

[Event "21st Kavala Open A"]
[Site "Kavala GRE"]
[Date "2012.07.30"]
[Round "7"]
[White "Petrosian, TL."]
[Black "Gupta, Ab"]
[Result "0-1"]
[WhiteElo "2661"]
[BlackElo "2627"]
[PlyCount "100"]
[EventDate "2012.07.25"]

1. Nf3 Nf6 2. c4 g6 3. Nc3 d5 4. cxd5 Nxd5 5. Qa4+ Nc6 6. Ne5 Qd6 7. Nxc6 Qxc6
8. Qxc6+ bxc6 9. g3 Bg7 10. Bg2 Be6 11. a3 Rb8 12. e3 O-O 13. Na4 Bc8 14. O-O
Nb6 15. Bxc6 Nxa4 16. Bxa4 Ba6 17. Re1 Bd3 18. Ra2 Bb1 19. Ra1 Bd3 20. Ra2 c5
21. Bd1 c4 22. Be2 Rb3 23. a4 a5 24. Bd1 Rb4 25. Be2 Rb3 26. Bd1 Rb6 27. Be2
Rfb8 28. f4 e5 29. fxe5 Bxe5 30. Bxd3 cxd3 31. b3 Rxb3 32. Ba3 Rc8 33. Kf2 Rc7
34. Kf3 f5 35. h3 h5 36. Rg1 Kf7 37. Rc1 Rxc1 38. Bxc1 Rb1 39. Ba3 Ke6 40. e4
Bd4 41. exf5+ Kxf5 42. g4+ hxg4+ 43. hxg4+ Ke5 44. Be7 Kd5 45. Kf4 Rb7 46. Bd8
Kc4 47. Ra3 Bb2 48. Ra2 Kb3 49. Rxb2+ Kxb2 50. Bxa5 Kc2 0-1

[Event "23rd Czech Open A"]
[Site "Pardubice CZE"]
[Date "2012.07.28"]
[Round "9.18"]
[White "Rojicek, V."]
[Black "Khusnutdinov, R."]
[Result "0-1"]
[WhiteElo "2438"]
[BlackElo "2503"]
[PlyCount "62"]
[EventDate "2012.07.20"]

1. e4 c5 2. Nf3 d6 3. d4 cxd4 4. Nxd4 Nf6 5. Nc3 a6 6. Be2 e5 7. Nb3 Be7 8. O-O
O-O 9. Kh1 Nc6 10. f4 b5 11. Be3 Bb7 12. a4 b4 13. Nd5 Nxe4 14. Bb6 Qc8 15.
fxe5 dxe5 16. Bd3 f5 17. Na5 Bg5 18. Nxb7 Qxb7 19. a5 Nd4 20. Nc7 Rad8 21. Nxa6
Rd6 22. Nc5 Ng3+ 23. hxg3 Rh6+ 24. Kg1 Be3+ 25. Rf2 f4 26. Nxb7 fxg3 27. Bxd4
exd4 28. Bc4+ Kh8 29. c3 Bxf2+ 30. Kf1 Re8 31. Bf7 Rh1# 0-1